000 00312nam a2200145Ia 4500
100 _aGupta/ S.C.
942 _cBK
366 _f10
654 _aPractical Statistics
245 _aPractical Statistics
260 _bHimalaya pub.house
_aBombay
_c1992
082 _a519.5
300 _a1066
546 _aENGLISH
999 _c33151
_d33151